| 000 | 00461nam a2200169Ia 4500 | ||
|---|---|---|---|
| 008 | 230917s9999||||xx |||||||||||||| ||und|| | ||
| 020 | _cRS395 | ||
| 040 |
_e227339 _aMAIN |
||
| 041 | _aEnglish | ||
| 082 | _a647.94 D492S | ||
| 100 | _aDevendra,Amitabh | ||
| 245 | 0 | _aSoft skills for hospitality. | |
| 260 |
_aNew Delhi _bOxford University Press _c2015 |
||
| 300 | _axviii,340 p. | ||
| 500 | _a2070 07/08/2015 HBD15/6463 14/08/2015 Main Budget | ||
| 942 | _cBK | ||
| 999 |
_c15409 _d15409 |
||